000 00408pab a2200169 454500
008 180718b2012 xxu||||| |||| 00| 0 eng d
100 _aKaur, Ravinder
245 _aIndia inc. and its moral discontents
260 _c2012
300 _ap.40-45.
362 _a19 May
650 _aCorruption - India
650 _aCorruption
773 _aEconomic and Political Weekly
908 _aN
909 _a95634
999 _c95634
_d95634